Loading...
| Literature - World | 0 | 6 | 0 | 2 | 60 | 103 | 131.83 | 1 | 2 | 0.00 | 0.00 |
| Literature - European | 0 | 6 | 0 | 2 | 60 | 125 | 136.67 | 0 | 2 | 0.00 | 0.00 |
| Literature - British | 0 | 5 | 1 | 1 | 45 | 98 | 112.40 | 0 | 2 | 0.00 | 0.00 |
| Fine Arts - Painting and Sculpture | 0 | 5 | 1 | 0 | 45 | 45 | 95.00 | 1 | 4 | 0.00 | 0.00 |
| Fine Arts - Other | 0 | 4 | 0 | 0 | 40 | 48 | 106.50 | 1 | 3 | 0.00 | 0.00 |
| Fine Arts - Classical Music | 0 | 4 | 1 | 0 | 35 | 90 | 104.25 | 0 | 1 | 0.00 | 0.00 |
| Philosophy | 0 | 4 | 1 | 0 | 35 | 96 | 119.50 | 0 | 3 | 0.00 | 0.00 |
| Mythology | 0 | 3 | 0 | 0 | 30 | 108 | 130.33 | 0 | 1 | 0.00 | 0.00 |
| History - American | 0 | 3 | 1 | 1 | 25 | 93 | 109.00 | 0 | 1 | 0.00 | 0.00 |
| History - World | 0 | 2 | 0 | 1 | 20 | 120 | 134.00 | 1 | 2 | 0.00 | 0.00 |
| History - Other | 0 | 2 | 0 | 1 | 20 | 94 | 111.50 | 0 | 1 | 0.00 | 0.00 |
| Religion | 0 | 3 | 2 | 0 | 20 | 108 | 121.33 | 0 | 2 | 0.00 | 0.00 |
| Science - Physics | 0 | 2 | 0 | 0 | 20 | 94 | 108.50 | 0 | 2 | 0.00 | 0.00 |
| Literature - American | 0 | 3 | 3 | 1 | 15 | 120 | 124.33 | 0 | 1 | 0.00 | 0.00 |
| History - European | 0 | 2 | 1 | 2 | 15 | 132 | 132.50 | 0 | 0 | 0.00 | 0.00 |
| Social Science | 0 | 1 | 0 | 0 | 10 | 122 | 122.00 | 0 | 1 | 0.00 | 0.00 |